000 01543nam a22001937a 4500
003 OSt
005 20231215101459.0
008 231211s2008 ag ||||| |||| 00| f spa d
020 _a9789500728591
040 _cbesoc
100 1 _aAllende, Isabel,
_d(1942-),
_eautor
245 1 3 _aLa suma de los días /
_cIsabel Allende
250 _a7a ed.
260 _aBuenos Aires :
_bSudamericana,
_c2008
300 _a368 p.
520 _aEste libro narra con franqueza la historia reciente de la vida de la autora y la de su peculiar familia en California, en una casa abierta, llena de gente y de personajes literarios, y protegida por un espíritu: hijas perdidas, nietos y libros que nacen, éxitos y dolores, un viaje al mundo de las adicciones y otros a lugares remotos del mundo en busca de inspiración, junto a divorcios, encuentros, amores, separaciones, crisis de pareja y reconciliaciones. También es una historia de amor entre un hombre y una mujer maduros, que han salvado juntos muchos escollos sin perder ni la pasión ni el humor, y de una familia moderna, desgarrada por conflictos y unida, a pesar de todo, por el cariño y la decisión de salir adelante. Esta es la familia que descubrimos en Paula y que desciende de los personajes de La casa de los espíritus. Una obra al tiempo emotiva y escrita en el tono irónico y apasionado que caracteriza a la autora, en la que nos entrega la suma de sus días como mujer y como escritora. [Nota del editor]
650 4 _aLiteratura chilena
_vAutobiografía
_ySiglo XXI
942 _2udc
_cOG
_n0
999 _c154
_d154